[Event "Oakville Winter op"]
[Site "Oakville CAN"]
[Date "2018.02.04"]
[Round "5.2"]
[White "Hua, Eugene"]
[Black "Krnan, Tomas"]
[Result "1/2-1/2"]
[WhiteElo "2400"]
[BlackElo "2512"]
[PlyCount "165"]
[GameId "2160767908266749"]
[EventDate "2018.02.02"]
[EventType "swiss"]
[EventRounds "5"]
[EventCountry "CAN"]

1. c4 Nf6 2. g3 g6 3. Bg2 Bg7 4. Nc3 O-O 5. e4 d6 6. Nge2 e5 7. O-O Nc6 8. d3 Nd7 9. Be3 Nc5 10. d4 exd4 11. Nxd4 Ne5 12. b3 Ng4 13. Bc1 Re8 14. Bb2 Ne5 15. Nce2 a5 16. a3 a4 17. Qc2 axb3 18. Nxb3 Nxb3 19. Qxb3 Be6 20. Bxe5 Bxe5 21. Rad1 Ra5 22. f4 Bg7 23. e5 Qb8 24. exd6 cxd6 25. Rf2 Qa7 26. Qxb7 Bxc4 27. Qxa7 Rxa7 28. Nd4 Rxa3 29. Bf1 d5 30. Nb5 Ra1 31. Rxa1 Bxa1 32. Bxc4 dxc4 33. Rc2 Rb8 34. Nc3 Kg7 35. Kf2 f5 36. Ke3 Rd8 37. Nb5 Rd3+ 38. Ke2 Rb3 39. Nc7 c3 40. Nd5 Kh6 41. Kd3 Rb1 42. Nxc3 Bxc3 43. Rxc3 Rh1 44. Rc2 Kh5 45. Rc7 h6 46. Rc2 Kg4 47. Rc6 Kh5 48. Rc2 g5 49. fxg5 hxg5 50. Rc8 Kg4 51. Rh8 Re1 52. Kd2 Ra1 53. Ke3 Ra2 54. h4 Ra3+ 55. Kf2 Ra2+ 56. Ke3 Ra3+ 57. Kf2 Rf3+ 58. Ke2 Rxg3 59. hxg5 Kxg5 60. Kf2 Ra3 61. Rb8 Kg4 62. Rb4+ f4 63. Rb2 Rh3 64. Rb8 Rh2+ 65. Kg1 Re2 66. Kf1 Kf3 67. Rh8 Rf2+ 68. Kg1 Rg2+ 69. Kf1 Rf2+ 70. Kg1 Rd2 71. Rh3+ Ke4 72. Kf1 Rd1+ 73. Kf2 Rd2+ 74. Kf1 Rc2 75. Ra3 Rb2 76. Rh3 Rd2 77. Ra3 f3 78. Ra8 Ke3 79. Re8+ Kd3 80. Rd8+ Kc2 81. Rxd2+ Kxd2 82. Kf2 Kc1 83. Kxf3 1/2-1/2

[Event "Hart House Reading Week op"]
[Site "Toronto CAN"]
[Date "2017.02.18"]
[Round "1"]
[White "Krnan, Tomas"]
[Black "Chen, Richard"]
[Result "1-0"]
[WhiteElo "2534"]
[BlackElo "2340"]
[PlyCount "111"]
[GameId "2160767908478432"]
[EventDate "2017.02.18"]
[EventType "swiss"]
[EventRounds "6"]
[EventCountry "CAN"]
[SourceTitle "EXT 2022"]
[Source "ChessBase"]
[SourceDate "2021.10.06"]
[SourceVersion "1"]
[SourceVersionDate "2021.10.06"]
[SourceQuality "1"]

1. e4 c5 2. Nf3 e6 3. g3 Nc6 4. Bg2 g6 5. O-O Bg7 6. c3 Nge7 7. d4 cxd4 8. cxd4 d5 9. e5 b6 10. h4 h6 11. Nc3 Ba6 12. Re1 Qd7 13. b3 Rc8 14. Ba3 O-O 15. g4 f6 16. exf6 Rxf6 17. Re3 Rxf3 18. Bxf3 Nxd4 19. Rc1 Nec6 20. Bg2 Qf7 21. Bd6 Rd8 22. Bg3 e5 23. Nxd5 Rxd5 24. Rxc6 Ne2+ 25. Qxe2 Bxe2 26. Rxe2 Rd1+ 27. Kh2 Bf6 28. Rxe5 Bxe5 29. Rc8+ Qf8 30. Rxf8+ Kxf8 31. Bxe5 Rd2 32. a4 Rxf2 33. Bb8 a6 34. Kg3 Rd2 35. Bf1 Rb2 36. Bd6+ Kf7 37. Bc4+ Kf6 38. Kf4 g5+ 39. hxg5+ hxg5+ 40. Ke4 Kg6 41. Be5 Rb1 42. Kd4 Kh6 43. Be6 Rd1+ 44. Kc4 b5+ 45. axb5 axb5+ 46. Kc5 Re1 47. Kd6 Re4 48. Bf5 Re3 49. Ke6 b4 50. Kf6 Re4 51. Bd6 Re8 52. Bd7 Re3 53. Bf8+ Kh7 54. Bf5+ Kh8 55. Kf7 Re7+ 56. Kxe7 1-0

[Event "Hart House Reading Week op"]
[Site "Toronto CAN"]
[Date "2017.02.18"]
[Round "2"]
[White "Zhang, Yuanchen"]
[Black "Krnan, Tomas"]
[Result "0-1"]
[WhiteElo "2320"]
[BlackElo "2534"]
[PlyCount "54"]
[GameId "2160767908478448"]
[EventDate "2017.02.18"]
[EventType "swiss"]
[EventRounds "6"]
[EventCountry "CAN"]
[SourceTitle "EXT 2022"]
[Source "ChessBase"]
[SourceDate "2021.10.06"]
[SourceVersion "1"]
[SourceVersionDate "2021.10.06"]
[SourceQuality "1"]

1. e4 e5 2. Nf3 Nc6 3. d4 exd4 4. Nxd4 Bb4+ 5. c3 Bc5 6. Be3 Bb6 7. Nf5 g6 8. Bxb6 axb6 9. Ne3 Nf6 10. f3 O-O 11. Be2 d5 12. exd5 Qe7 13. Qd2 Rd8 14. c4 b5 15. cxb5 Na5 16. Na3 c6 17. O-O Nxd5 18. Rfd1 Bh3 19. Nxd5 Rxd5 20. Bd3 Rad8 21. Qe2 Qg5 22. g3 Qf6 23. Rac1 cxb5 24. Nxb5 Nc6 25. a4 R8d7 26. b3 Qd8 27. Rc3 Bf5 0-1

[Event "Kitchener Masters"]
[Site "Kitchener CAN"]
[Date "2015.07.31"]
[Round "1"]
[White "Fedorowicz, John"]
[Black "Krnan, Tomas"]
[Result "1-0"]
[WhiteElo "2428"]
[BlackElo "2428"]
[PlyCount "73"]
[GameId "2160767908837113"]
[EventDate "2015.07.31"]
[EventType "schev"]
[EventRounds "10"]
[EventCountry "CAN"]
[SourceTitle "EXT 2016"]
[Source "ChessBase"]
[SourceDate "2015.10.08"]
[SourceVersion "1"]
[SourceVersionDate "2015.10.08"]
[SourceQuality "1"]
[WhiteTeam "Team 1"]
[BlackTeam "Team 2"]
[WhiteTeamCountry "CAN"]
[BlackTeamCountry "CAN"]

1. e4 e5 2. Nf3 Nc6 3. Bb5 a6 4. Ba4 Nf6 5. O-O Be7 6. Re1 b5 7. Bb3 O-O 8. d4 d6 9. c3 Bg4 10. d5 Na5 11. Bc2 c6 12. h3 Bc8 13. dxc6 Qc7 14. Nbd2 Qxc6 15. Nf1 h6 16. Ng3 Re8 17. Nh4 Bf8 18. Qf3 Nh7 19. Nhf5 Be6 20. Ne3 Ng5 21. Qd1 Nc4 22. Nxc4 Qxc4 23. Bxg5 hxg5 24. Bb3 Qc5 25. Qh5 Bxb3 26. axb3 Be7 27. Nf5 d5 28. b4 Qc4 29. exd5 Qxd5 30. Nxe7+ Rxe7 31. Qxg5 f6 32. Qf5 Rd7 33. Re4 Rd6 34. Rae1 Rad8 35. f4 exf4 36. Qg6 Rf8 37. Re7 1-0

[Event "Kitchener Masters"]
[Site "Kitchener CAN"]
[Date "2015.07.31"]
[Round "2"]
[White "Krnan, Tomas"]
[Black "Fedorowicz, John"]
[Result "1/2-1/2"]
[WhiteElo "2428"]
[BlackElo "2428"]
[PlyCount "38"]
[GameId "2160767908837117"]
[EventDate "2015.07.31"]
[EventType "schev"]
[EventRounds "10"]
[EventCountry "CAN"]
[SourceTitle "EXT 2016"]
[Source "ChessBase"]
[SourceDate "2015.10.08"]
[SourceVersion "1"]
[SourceVersionDate "2015.10.08"]
[SourceQuality "1"]
[WhiteTeam "Team 2"]
[BlackTeam "Team 1"]
[WhiteTeamCountry "CAN"]
[BlackTeamCountry "CAN"]

1. e4 c5 2. Nf3 d6 3. Bb5+ Bd7 4. Bxd7+ Nxd7 5. O-O Ngf6 6. Qe2 e6 7. b3 Be7 8. Bb2 Qc7 9. c4 Ne5 10. Ne1 Nc6 11. f4 O-O 12. Nf3 Nd7 13. Na3 a6 14. Nc2 Bf6 15. Bc3 Rab8 16. Rfe1 Bxc3 17. dxc3 b5 18. Red1 bxc4 19. Qxc4 Nf6 1/2-1/2

[Event "Kitchener Masters"]
[Site "Kitchener CAN"]
[Date "2015.08.01"]
[Round "3"]
[White "Bareev, Evgeny"]
[Black "Krnan, Tomas"]
[Result "1-0"]
[WhiteElo "2663"]
[BlackElo "2428"]
[PlyCount "95"]
[GameId "2160767908837121"]
[EventDate "2015.07.31"]
[EventType "schev"]
[EventRounds "10"]
[EventCountry "CAN"]
[SourceTitle "Mega2015 Update 40"]
[Source "Chessbase"]
[SourceDate "2015.08.28"]
[SourceVersion "1"]
[SourceVersionDate "2015.08.28"]
[SourceQuality "1"]
[WhiteTeam "Team 1"]
[BlackTeam "Team 2"]

1. d4 Nf6 2. c4 g6 3. Nc3 Bg7 4. e4 d6 5. h3 O-O 6. Nf3 e5 7. d5 Nh5 8. g3 Na6 9. Nd2 Nc5 10. b4 Nd7 11. Be2 a5 12. bxa5 f5 13. Bxh5 gxh5 14. Qxh5 Nc5 15. Nb3 Nd3+ 16. Ke2 Nxc1+ 17. Raxc1 Bd7 18. Qf3 fxe4 19. Qg2 b6 20. Nxe4 bxa5 21. Rhd1 Qc8 22. g4 Rf4 23. Nbd2 Ba4 24. Re1 Rb8 25. Kf1 Rb2 26. a3 Bc2 27. Kg1 Qb8 28. Qg3 Qa7 29. c5 Bxe4 30. Nxe4 dxc5 31. Qc3 Qb6 32. Qxc5 Qg6 33. Qc6 Rb3 34. Qxg6 hxg6 35. Rxc7 Rxh3 36. Rc8+ Rf8 37. Rxf8+ Kxf8 38. Rd1 Rb3 39. d6 Rb8 40. Nc5 Kf7 41. g5 Bf8 42. Rd3 Rd8 43. Rf3+ Ke8 44. d7+ Ke7 45. Rf6 e4 46. Rxg6 Rb8 47. Re6+ Kf7 48. g6+ 1-0

[Event "Kitchener Masters"]
[Site "Kitchener CAN"]
[Date "2015.08.01"]
[Round "4"]
[White "Krnan, Tomas"]
[Black "Bareev, Evgeny"]
[Result "1/2-1/2"]
[WhiteElo "2428"]
[BlackElo "2663"]
[PlyCount "58"]
[GameId "2160767908837127"]
[EventDate "2015.07.31"]
[EventType "schev"]
[EventRounds "10"]
[EventCountry "CAN"]
[SourceTitle "Mega2015 Update 40"]
[Source "Chessbase"]
[SourceDate "2015.08.28"]
[SourceVersion "1"]
[SourceVersionDate "2015.08.28"]
[SourceQuality "1"]
[WhiteTeam "Team 2"]
[BlackTeam "Team 1"]

1. e4 c6 2. d4 d5 3. Nc3 dxe4 4. Nxe4 Bf5 5. Ng3 Bg6 6. h4 h6 7. Nf3 Nd7 8. h5 Bh7 9. Bd3 Bxd3 10. Qxd3 e6 11. Bd2 Ngf6 12. O-O-O Bd6 13. Ne4 Nxe4 14. Qxe4 Bc7 15. Qe2 Qe7 16. Ne5 O-O-O 17. f4 Rhe8 18. Rh3 Nxe5 19. dxe5 f6 20. Bc3 Rxd1+ 21. Kxd1 Qc5 22. Rd3 fxe5 23. Bxe5 Bxe5 24. Qxe5 Qg1+ 25. Kd2 Qxg2+ 26. Kc3 Qg4 27. Qd4 Qxh5 28. Qd7+ Kb8 29. Qd6+ Kc8 1/2-1/2

[Event "Kitchener Masters"]
[Site "Kitchener CAN"]
[Date "2015.08.02"]
[Round "5"]
[White "Song, Michael"]
[Black "Krnan, Tomas"]
[Result "0-1"]
[WhiteElo "2316"]
[BlackElo "2428"]
[PlyCount "86"]
[GameId "2160767908837135"]
[EventDate "2015.07.31"]
[EventType "schev"]
[EventRounds "10"]
[EventCountry "CAN"]
[SourceTitle "Mega2015 Update 40"]
[Source "Chessbase"]
[SourceDate "2015.08.28"]
[SourceVersion "1"]
[SourceVersionDate "2015.08.28"]
[SourceQuality "1"]
[WhiteTeam "Team 1"]
[BlackTeam "Team 2"]

1. d4 Nf6 2. c4 g6 3. Nc3 Bg7 4. e4 d6 5. f3 O-O 6. Be3 Nc6 7. Nge2 a6 8. Qd2 Rb8 9. Rc1 e6 10. g3 Ne7 11. Bg2 b5 12. b3 bxc4 13. bxc4 Nd7 14. Na4 Nb6 15. Nxb6 cxb6 16. d5 b5 17. dxe6 Bxe6 18. cxb5 axb5 19. O-O Bc4 20. Rfd1 d5 21. Nc3 dxe4 22. Nxe4 Nf5 23. Bc5 Qxd2 24. Rxd2 Rfd8 25. a4 Nd4 26. Bxd4 Bxd4+ 27. Kh1 Be3 28. Rxd8+ Rxd8 29. Re1 f5 30. h4 Bd4 31. axb5 fxe4 32. Rxe4 Bxb5 33. Kh2 Bc6 34. Re2 Kf7 35. Rc2 Rd6 36. Ra2 Be3 37. Ra6 Ke7 38. f4 Bd7 39. Rxd6 Kxd6 40. Bh3 Bxh3 41. Kxh3 Ke6 42. h5 Kf5 43. Kg2 Kg4 0-1

[Event "Kitchener Masters"]
[Site "Kitchener CAN"]
[Date "2015.08.02"]
[Round "6"]
[White "Krnan, Tomas"]
[Black "Song, Michael"]
[Result "1/2-1/2"]
[WhiteElo "2428"]
[BlackElo "2316"]
[PlyCount "87"]
[GameId "2160767908837137"]
[EventDate "2015.07.31"]
[EventType "schev"]
[EventRounds "10"]
[EventCountry "CAN"]
[SourceTitle "Mega2015 Update 40"]
[Source "Chessbase"]
[SourceDate "2015.08.28"]
[SourceVersion "1"]
[SourceVersionDate "2015.08.28"]
[SourceQuality "1"]
[WhiteTeam "Team 2"]
[BlackTeam "Team 1"]

1. e4 c5 2. Nf3 e6 3. g3 Nc6 4. Bg2 Nf6 5. Qe2 d5 6. d3 Be7 7. O-O O-O 8. e5 Ne8 9. c3 b5 10. h4 Nc7 11. Bg5 Rb8 12. Nbd2 c4 13. Bxe7 Qxe7 14. b4 a5 15. a3 Na8 16. d4 Nb6 17. Qe3 Bd7 18. Nh2 Ra8 19. f4 Rfc8 20. h5 axb4 21. axb4 Rxa1 22. Rxa1 Na4 23. f5 exf5 24. Bxd5 Nb6 25. Bg2 Be6 26. Ndf1 h6 27. Qf4 Nxb4 28. cxb4 Qxb4 29. Ne3 Qb2 30. Rf1 c3 31. d5 Bd7 32. e6 fxe6 33. dxe6 c2 34. exd7 c1=Q 35. Rxc1 Qxc1+ 36. Nhf1 Nxd7 37. Qxf5 Nf6 38. Qxb5 Kh8 39. g4 Qc7 40. Qf5 Re8 41. Qf3 Qc5 42. Kh1 Qg5 43. Kg1 Qc5 44. Kh1 1/2-1/2

[Event "Kitchener Masters"]
[Site "Kitchener CAN"]
[Date "2015.08.03"]
[Round "7"]
[White "Sambuev, Bator"]
[Black "Krnan, Tomas"]
[Result "1-0"]
[WhiteElo "2532"]
[BlackElo "2428"]
[PlyCount "101"]
[GameId "2160767908837144"]
[EventDate "2015.07.31"]
[EventType "schev"]
[EventRounds "10"]
[EventCountry "CAN"]
[SourceTitle "Mega2015 Update 40"]
[Source "Chessbase"]
[SourceDate "2015.08.28"]
[SourceVersion "1"]
[SourceVersionDate "2015.08.28"]
[SourceQuality "1"]
[WhiteTeam "Team 1"]
[BlackTeam "Team 2"]

1. e4 e5 2. Nf3 Nc6 3. Bb5 a6 4. Bxc6 dxc6 5. Nc3 f6 6. d4 exd4 7. Nxd4 c5 8. Nde2 Qxd1+ 9. Nxd1 Bd7 10. Bf4 O-O-O 11. Ne3 Bc6 12. f3 g6 13. Kf2 Ne7 14. Rad1 Bg7 15. h4 Rxd1 16. Rxd1 Rf8 17. c3 h6 18. g4 Be8 19. Rg1 Bf7 20. c4 Nc6 21. Nd5 Nb4 22. Nc1 Nxd5 23. cxd5 f5 24. gxf5 Bd4+ 25. Be3 gxf5 26. Bxd4 cxd4 27. Ke2 fxe4 28. fxe4 c6 29. Kd3 cxd5 30. e5 Kd7 31. Nb3 b6 32. Nxd4 Rg8 33. Rxg8 Bxg8 34. b4 Bh7+ 35. Ke3 Bg6 36. a3 Bh7 37. Kf3 Be4+ 38. Kf4 Bh7 39. Ke3 Bg6 40. Ne2 Kc6 41. Kd4 Bh7 42. Nf4 a5 43. Nxd5 axb4 44. axb4 Kb7 45. Nf4 Kc6 46. e6 Bg8 47. Ke5 Kb5 48. Nd5 Kc4 49. Nxb6+ Kxb4 50. Nc8 Kc3 51. Nd6 1-0

[Event "Kitchener Masters"]
[Site "Kitchener CAN"]
[Date "2015.08.03"]
[Round "8"]
[White "Krnan, Tomas"]
[Black "Sambuev, Bator"]
[Result "1-0"]
[WhiteElo "2428"]
[BlackElo "2532"]
[PlyCount "137"]
[GameId "2160767908837147"]
[EventDate "2015.07.31"]
[EventType "schev"]
[EventRounds "10"]
[EventCountry "CAN"]
[SourceTitle "Mega2015 Update 40"]
[Source "Chessbase"]
[SourceDate "2015.08.28"]
[SourceVersion "1"]
[SourceVersionDate "2015.08.28"]
[SourceQuality "1"]
[WhiteTeam "Team 2"]
[BlackTeam "Team 1"]

1. e4 e5 2. Nf3 d6 3. d4 Nf6 4. dxe5 Nxe4 5. Qd5 Nc5 6. Bg5 Qd7 7. exd6 Bxd6 8. Nc3 O-O 9. O-O-O Nc6 10. Nb5 Ne7 11. Qc4 b6 12. Ne5 Qf5 13. Nxd6 Qxg5+ 14. f4 Qf6 15. Nxc8 Nxc8 16. g3 Nd6 17. Qe2 Rae8 18. Bg2 Qh6 19. Kb1 f6 20. Rxd6 cxd6 21. Bd5+ Ne6 22. Nf3 Kh8 23. Bxe6 Qh5 24. Re1 Rxe6 25. Qxe6 Qxf3 26. Qxd6 Rg8 27. Qd3 Qc6 28. Qe4 Qc5 29. a3 h6 30. h4 Qf2 31. Qe3 Qg2 32. Qd3 b5 33. Re7 a5 34. Rd7 Qg1+ 35. Ka2 Qb6 36. Rd6 Qc7 37. g4 Qf7+ 38. Qd5 Qc7 39. g5 Qxc2 40. gxf6 gxf6 41. Rxf6 Rg1 42. Rf8+ Kh7 43. Rf7+ Rg7 44. Qf5+ Qxf5 45. Rxf5 Rb7 46. Kb3 Kg6 47. Rc5 Kf6 48. Rc6+ Kf5 49. Rxh6 Kxf4 50. Ra6 a4+ 51. Kb4 Ke3 52. Ra5 Rh7 53. Rxb5 Rxh4+ 54. Ka5 Kd3 55. Rb4 Rh8 56. Kxa4 Kc2 57. Kb5 Rh5+ 58. Ka6 Rh6+ 59. Rb6 Rh4 60. b3 Kb2 61. a4 Ka3 62. a5 Rh5 63. b4 Ka4 64. Ka7 Rh7+ 65. Rb7 Rh6 66. a6 Rg6 67. b5 Ka5 68. b6 Rh6 69. Rg7 1-0

[Event "Kitchener Masters"]
[Site "Kitchener CAN"]
[Date "2015.08.04"]
[Round "10"]
[White "Krnan, Tomas"]
[Black "Cao, Jason"]
[Result "1-0"]
[WhiteElo "2428"]
[BlackElo "2332"]
[PlyCount "127"]
[GameId "2160767908837152"]
[EventDate "2015.07.31"]
[EventType "schev"]
[EventRounds "10"]
[EventCountry "CAN"]
[SourceTitle "Mega2015 Update 40"]
[Source "Chessbase"]
[SourceDate "2015.08.28"]
[SourceVersion "1"]
[SourceVersionDate "2015.08.28"]
[SourceQuality "1"]
[WhiteTeam "Team 2"]
[BlackTeam "Team 1"]

1. e4 c5 2. Nf3 d6 3. d4 cxd4 4. Nxd4 Nf6 5. Nc3 a6 6. g3 e5 7. Nde2 Be7 8. Bg2 b5 9. Nd5 Nxd5 10. Qxd5 Ra7 11. Be3 Be6 12. Qd2 Rb7 13. Nc3 Nd7 14. Nd5 Nf6 15. Nxe7 Rxe7 16. Bg5 Rc7 17. O-O-O Rc6 18. f4 Qe7 19. Kb1 O-O 20. f5 Bc8 21. g4 Rd8 22. h4 Rc4 23. h5 h6 24. Bh4 Bb7 25. b3 Rd4 26. Qe2 Re8 27. Kb2 Rc8 28. Rd3 Qc7 29. Bxf6 gxf6 30. Rhh3 Rxd3 31. Rxd3 Kg7 32. Qd2 Rd8 33. Qb4 Rc8 34. Qd2 Rd8 35. Qe3 Rc8 36. Rc3 Qxc3+ 37. Qxc3 Rxc3 38. Kxc3 Kf8 39. Kb4 Ke7 40. Ka5 Kd7 41. Kb6 Kc8 42. a4 bxa4 43. bxa4 Kb8 44. a5 Kc8 45. c3 Kb8 46. Bh1 Kc8 47. Bf3 Kb8 48. g5 fxg5 49. f6 Bc8 50. Kc6 Bh3 51. Kxd6 g4 52. Bh1 g3 53. Ke7 g2 54. Bxg2 Bxg2 55. Kxf7 Bf3 56. Kg7 Bxh5 57. Kxh6 Be8 58. Kg7 Kc7 59. f7 Bxf7 60. Kxf7 Kc6 61. Ke6 Kb5 62. Kxe5 Kxa5 63. Kd6 Kb6 64. e5 1-0

[Event "CAN-ch"]
[Site "Guelph CAN"]
[Date "2015.07.10"]
[Round "1.5"]
[White "Hamilton, Robert"]
[Black "Krnan, Tomas"]
[Result "0-1"]
[WhiteElo "2279"]
[BlackElo "2557"]
[PlyCount "54"]
[GameId "2160767908870972"]
[EventDate "2015.07.10"]
[EventType "swiss"]
[EventRounds "9"]
[EventCountry "CAN"]

1. d4 Nf6 2. c4 g6 3. Nc3 Bg7 4. e4 d6 5. f3 O-O 6. Be3 Nc6 7. Nge2 a6 8. Qd2 Rb8 9. Rc1 e6 10. a3 Na5 11. Qd3 b5 12. cxb5 axb5 13. Nxb5 Ba6 14. Qc3 Rxb5 15. b4 c5 16. bxa5 c4 17. Qxc4 Qxa5+ 18. Bd2 Qxa3 19. Nc3 Ra5 20. Qc6 Rc8 21. Qb6 Nd7 22. Qa7 Bxf1 23. Qxd7 Ba6 24. Ne2 Rf8 25. Bxa5 Qxa5+ 26. Kf2 Qd2 27. Rce1 Bxd4+ 0-1

[Event "CAN-ch"]
[Site "Guelph CAN"]
[Date "2015.07.11"]
[Round "2.4"]
[White "Krnan, Tomas"]
[Black "Barron, Michael"]
[Result "1/2-1/2"]
[WhiteElo "2557"]
[BlackElo "2306"]
[PlyCount "86"]
[GameId "2160767738660386"]
[EventDate "2015.07.10"]
[EventType "swiss"]
[EventRounds "9"]
[EventCountry "CAN"]
[TimeControl "40/5400+30:1800+30"]

1. Nf3 f5 2. d3 d6 3. e4 e5 4. Nc3 Nf6 5. exf5 Bxf5 6. d4 e4 7. Nh4 Bg4 8. Be2 Bxe2 9. Qxe2 d5 10. Bg5 Bb4 11. Qb5+ Nc6 12. Qxb7 Nxd4 13. O-O-O Rb8 14. Qa6 Bxc3 15. bxc3 Nb5 16. Qc6+ Qd7 17. Qc5 Qd6 18. Qxd6 cxd6 19. Bxf6 gxf6 20. Kd2 Na3 21. Nf5 Rb2 22. Ne3 Kd7 23. Ke2 Rhb8 24. Nxd5 Rxc2+ 25. Ke3 f5 26. g4 Nc4+ 27. Kd4 Nb2 28. gxf5 Nxd1 29. Rxd1 Rxf2 30. Kxe4 Re8+ 31. Kd4 Rxf5 32. Rb1 Re2 33. c4 Kc8 34. Rg1 Rf7 35. Rg8+ Kd7 36. Ra8 Rxa2 37. Nc3 Rd2+ 38. Ke3 Rxh2 39. Nb5 Ke6 40. Rd8 Rd7 41. Nd4+ Ke7 42. Nc6+ Ke6 43. Nd4+ Ke7 1/2-1/2

[Event "CAN-ch"]
[Site "Guelph CAN"]
[Date "2015.07.11"]
[Round "3.5"]
[White "Buscar, Michael"]
[Black "Krnan, Tomas"]
[Result "0-1"]
[WhiteElo "2245"]
[BlackElo "2557"]
[PlyCount "84"]
[GameId "2160767738660403"]
[EventDate "2015.07.10"]
[EventType "swiss"]
[EventRounds "9"]
[EventCountry "CAN"]
[TimeControl "40/5400+30:1800+30"]

1. d4 Nf6 2. Nf3 g6 3. g3 Bg7 4. Bg2 O-O 5. O-O d6 6. c4 Nc6 7. Nc3 a6 8. b3 Rb8 9. Bb2 b5 10. cxb5 axb5 11. Rc1 b4 12. Nb1 Na7 13. a4 bxa3 14. Nxa3 Bb7 15. Nd2 Bxg2 16. Kxg2 Qc8 17. e3 Qb7+ 18. Qf3 d5 19. Rc2 c6 20. Rfc1 h5 21. Qe2 Qd7 22. h3 Nh7 23. h4 Nf6 24. Nab1 Ng4 25. Ba3 Rfe8 26. Bc5 Nb5 27. Nc3 e5 28. Nxb5 Rxb5 29. Qd3 e4 30. Qe2 Re6 31. Ra2 Bh6 32. Ra7 Rxc5 33. Rxd7 Rxc1 34. Nf1 Rf6 35. Rc7 Bf8 36. Rc8 Kg7 37. Qd2 Rb1 38. Qa2 Rxf2+ 39. Qxf2 Nxf2 40. Kxf2 Rb2+ 41. Ke1 Bb4+ 42. Kd1 Rf2 0-1

[Event "CAN-ch"]
[Site "Guelph CAN"]
[Date "2015.07.12"]
[Round "4.3"]
[White "Krnan, Tomas"]
[Black "Peredun, Andrew"]
[Result "1/2-1/2"]
[WhiteElo "2557"]
[BlackElo "2406"]
[PlyCount "84"]
[GameId "2160767738660408"]
[EventDate "2015.07.10"]
[EventType "swiss"]
[EventRounds "9"]
[EventCountry "CAN"]
[TimeControl "40/5400+30:1800+30"]

1. e4 e5 2. Nf3 Nc6 3. Bc4 Nf6 4. d3 Bc5 5. O-O O-O 6. c3 d5 7. exd5 Nxd5 8. h3 Bf5 9. Re1 Nb6 10. Bg5 Qd7 11. Bb5 f6 12. d4 exd4 13. cxd4 Bd6 14. Be3 a6 15. Bf1 Nb4 16. Nh4 Nc2 17. Nxf5 Qxf5 18. Bd3 Nxe3 19. fxe3 Qg5 20. Nd2 f5 21. Nf3 Qg3 22. Qc2 g6 23. b4 Rae8 24. b5 a5 25. Qf2 Kg7 26. e4 fxe4 27. Qxg3 Bxg3 28. Rxe4 Nd5 29. Rc1 Nf4 30. Rxe8 Rxe8 31. Ne5 Nxd3 32. Nxd3 Re4 33. Nc5 Re2 34. Nxb7 Rxa2 35. Nc5 Rb2 36. Ne6+ Kf6 37. Nxc7 a4 38. Nd5+ Ke6 39. Nc3 a3 40. Ra1 Bf2+ 41. Kf1 Bxd4 42. Rxa3 Bxc3 1/2-1/2

[Event "CAN-ch"]
[Site "Guelph CAN"]
[Date "2015.07.14"]
[Round "7.4"]
[White "Yam, Alex"]
[Black "Krnan, Tomas"]
[Result "0-1"]
[WhiteElo "2384"]
[BlackElo "2557"]
[PlyCount "46"]
[GameId "2160767738660444"]
[EventDate "2015.07.10"]
[EventType "swiss"]
[EventRounds "9"]
[EventCountry "CAN"]
[TimeControl "40/5400+30:1800+30"]

1. e4 e5 2. Nc3 Nf6 3. f4 d5 4. fxe5 Nxe4 5. Nf3 Bc5 6. d4 Bb4 7. Bd2 Bg4 8. Be2 Nc6 9. O-O O-O 10. Kh1 f5 11. exf6 Rxf6 12. Be1 Bxc3 13. bxc3 Qd6 14. Qd3 Rh6 15. h3 Bxh3 16. gxh3 Rxh3+ 17. Kg2 Qe6 18. Rg1 Rf8 19. Kf1 Rh2 20. Bg3 Rxf3+ 21. Bxf3 Nd2+ 22. Qxd2 Rxd2 23. c4 Qf6 0-1

[Event "CAN-ch"]
[Site "Guelph CAN"]
[Date "2015.07.16"]
[Round "9.1"]
[White "Gerzhoy, Leonid"]
[Black "Krnan, Tomas"]
[Result "0-1"]
[WhiteElo "2538"]
[BlackElo "2557"]
[PlyCount "76"]
[GameId "2160767908879254"]
[EventDate "2015.07.10"]
[EventType "swiss"]
[EventRounds "9"]
[EventCountry "CAN"]

1. e4 e5 2. Nf3 Nc6 3. Be2 Nf6 4. d3 g6 5. O-O Bg7 6. c4 O-O 7. Nc3 d6 8. Nd5 Nd7 9. Bg5 f6 10. Be3 Nc5 11. b4 Ne6 12. b5 Ncd4 13. Nxd4 exd4 14. Bd2 c6 15. bxc6 bxc6 16. Nb4 Bd7 17. Bg4 Nc5 18. Bxd7 Qxd7 19. Qe2 f5 20. f3 Rab8 21. Rab1 Rb7 22. Nc2 fxe4 23. fxe4 Rxf1+ 24. Rxf1 Rb2 25. Bb4 Na4 26. a3 c5 27. Be1 Nc3 28. Bxc3 dxc3 29. Kh1 h5 30. e5 dxe5 31. h3 e4 32. d4 cxd4 33. Qxe4 d3 34. Ne3 c2 35. c5 Rb1 36. Qc4+ Kh7 37. c6 Rxf1+ 38. Nxf1 Qd4 0-1

[Event "Ontario op"]
[Site "Brantford CAN"]
[Date "2015.05.16"]
[Round "1.3"]
[White "Olheiser, Gordon"]
[Black "Krnan, Tomas"]
[Result "0-1"]
[WhiteElo "2169"]
[BlackElo "2553"]
[PlyCount "46"]
[GameId "2160767908934165"]
[EventDate "2015.05.16"]
[EventType "swiss"]
[EventRounds "6"]
[EventCountry "CAN"]
[SourceTitle "EXT 2019"]
[Source "ChessBase"]
[SourceDate "2018.10.10"]
[SourceVersion "1"]
[SourceVersionDate "2018.10.10"]
[SourceQuality "1"]

1. c4 Nf6 2. g3 e5 3. Bg2 c6 4. d4 exd4 5. Qxd4 d5 6. Nf3 Be6 7. Ng5 Nbd7 8. Nxe6 fxe6 9. cxd5 cxd5 10. O-O Bc5 11. Qd3 O-O 12. h3 Rc8 13. Be3 Qb6 14. Bxc5 Nxc5 15. Qd4 Ncd7 16. Qxb6 Nxb6 17. Na3 Na4 18. Rab1 a6 19. b3 Nc3 20. Rb2 b5 21. e3 e5 22. Nc2 a5 23. b4 Na4 0-1

[Event "Ontario op"]
[Site "Brantford CAN"]
[Date "2015.05.17"]
[Round "3"]
[White "Song, Michael"]
[Black "Krnan, Tomas"]
[Result "0-1"]
[WhiteElo "2405"]
[BlackElo "2553"]
[PlyCount "84"]
[GameId "2160767908934184"]
[EventDate "2015.05.16"]
[EventType "swiss"]
[EventRounds "6"]
[EventCountry "CAN"]
[SourceTitle "EXT 2019"]
[Source "ChessBase"]
[SourceDate "2018.10.10"]
[SourceVersion "1"]
[SourceVersionDate "2018.10.10"]
[SourceQuality "1"]

1. d4 f5 2. Bg5 Nf6 3. Bxf6 exf6 4. e3 c6 5. c4 Bb4+ 6. Nc3 O-O 7. Bd3 d5 8. Qb3 Bxc3+ 9. bxc3 dxc4 10. Bxc4+ Kh8 11. Ne2 Nd7 12. Nf4 Nb6 13. h4 Nxc4 14. Qxc4 g6 15. Rb1 Qe8 16. a4 b6 17. a5 g5 18. hxg5 fxg5 19. Nd3 Qe4 20. Kd2 Be6 21. Qa6 f4 22. exf4 Bf5 23. f3 Qd5 24. Nb4 Qd6 25. Nd3 gxf4 26. Ra1 Rae8 27. axb6 axb6 28. Rhe1 c5 29. Qc4 Rd8 30. Ra4 Qg6 31. Ne5 Qxg2+ 32. Re2 Qg7 33. Qa2 cxd4 34. cxd4 b5 35. Ra7 Rxd4+ 36. Kc3 Rd7 37. Rxd7 Bxd7 38. Qd5 b4+ 39. Kxb4 Qe7+ 40. Qc5 Rb8+ 41. Kc4 Be6+ 42. Kd4 Rd8+ 0-1